Building envelopes : (Record no. 10349)

000 -LEADER
fixed length control field 01099cam a22002774a 4500
003 - CONTROL NUMBER IDENTIFIER
control field OSt
005 - DATE AND TIME OF LATEST TRANSACTION
control field 20220314180718.0
008 - FIXED-LENGTH DATA ELEMENTS--GENERAL INFORMATION
fixed length control field 090929s2010 nyuab b 000 0 eng
010 ## - LIBRARY OF CONGRESS CONTROL NUMBER
LC control number 2009040572
016 7# - NATIONAL BIBLIOGRAPHIC AGENCY CONTROL NUMBER
Record control number 015529998
Source Uk
020 ## - INTERNATIONAL STANDARD BOOK NUMBER
International Standard Book Number 9781568988184 (alk. paper)
020 ## - INTERNATIONAL STANDARD BOOK NUMBER
International Standard Book Number 1568988184 (alk. paper)
035 ## - SYSTEM CONTROL NUMBER
System control number (OCoLC)ocn457155119
082 00 - DEWEY DECIMAL CLASSIFICATION NUMBER
Classification number 729/.1
Edition number 22
Item number JEN
100 1# - MAIN ENTRY--PERSONAL NAME
Personal name Lovell, Jenny,
Dates associated with a name 1967-
245 10 - TITLE STATEMENT
Title Building envelopes :
Remainder of title an integrated approach /
Statement of responsibility, etc Jenny Lovell.
250 ## - EDITION STATEMENT
Edition statement 1st ed.
260 ## - PUBLICATION, DISTRIBUTION, ETC. (IMPRINT)
Place of publication, distribution, etc New York :
Name of publisher, distributor, etc Princeton Architectural Press,
Date of publication, distribution, etc c2010.
300 ## - PHYSICAL DESCRIPTION
Extent 152 p. :
Other physical details ill. (chiefly col.), col. map ;
Dimensions 22 cm.
490 1# - SERIES STATEMENT
Series statement Architecture briefs
504 ## - BIBLIOGRAPHY, ETC. NOTE
Bibliography, etc Includes bibliographical references (p. 148-151).
520 ## - SUMMARY, ETC.
Summary, etc Advocates the design of building envelopes in an integrated way, where appearance, use, context, energy performance, structure, and cost are of equal importance in creating cost- and energy-efficient, yet aesthetically pleasing, facades.
650 #0 - SUBJECT ADDED ENTRY--TOPICAL TERM
Topical term or geographic name as entry element Facades
General subdivision Design and construction.
830 #0 - SERIES ADDED ENTRY--UNIFORM TITLE
Uniform title Architecture briefs.
942 ## - ADDED ENTRY ELEMENTS (KOHA)
Source of classification or shelving scheme
Holdings
Withdrawn status Lost status Source of classification or shelving scheme Damaged status Koha normalized classification for sorting Not for loan Permanent location Current location Date acquired Source of acquisition Cost, normal purchase price Full call number Barcode Date last seen Cost, replacement price Price effective from Koha item type
        729_000000000000000__1_JEN   BMS College of Architecture, Design and Planning BMS College of Architecture, Design and Planning 2022-03-14 1 1374.50 729/.1 JEN AR-UG2516 2022-03-14 1963.57 2022-03-14 UG Books
Copyright © 2025, The Librarian, Library and Information Centre, BMSCA D&P, Bengaluru. All Rights Reserved
web counter

Powered by Koha